| 000 | 00836nam a22002297a 4500 | ||
|---|---|---|---|
| 999 |
_c18183 _d18183 |
||
| 003 | AR-CdUCM | ||
| 008 | 190513b ||||| |||| 00| 0 spa d | ||
| 040 |
_aMUNICIPALIDAD PROVINCIAL DEL CUSCO _cBIBLIOTECA MUNICIPAL DEL CUSCO |
||
| 082 |
_a158.1 / _bM26 |
||
| 100 |
_aMarden, Orison Swett _932527 |
||
| 245 | _aSiempre adelante / | ||
| 260 |
_aBuenos Aires : _bTOR, |
||
| 300 |
_a190 paginas ; _c18 cm. |
||
| 440 |
_aEnciclopedia del hombre que triunfa _931069 |
||
| 505 | _aContenido : El hombre y la ocasión -- La niñez desvalida -- El valor del tiempo -- Vocaciones contrariadas -- Elección de carrera... | ||
| 650 |
_aÉxito _938634 |
||
| 650 |
_aConducta de vida _936609 |
||
| 650 |
_aAutorrealización _924047 |
||
| 700 |
_aLabrousse, Pedro F.(Traducción) _938635 |
||
| 942 |
_2ddc _cLIBROS |
||
| 945 |
_awnts _d2019-05-13 |
||